L'Attaque des Titans - Personnages - Statistiques

Statistiques générales
  • Ce quiz a été pris 196 fois
  • Le résultat moyen est 28 sur 52
Statistiques - réponses
Par images Réponse % Correct
Conny Springer
90%
Eren Jäger
88%
Historia Reiss
87%
Mikasa Ackermann
85%
Jean Kirschtein
84%
Livaï Ackerman
83%
Sasha Braus
83%
Annie Leonhart
82%
Hansi Zoe
80%
Bertolt Hoover
79%
Erwin Smith
79%
Ymir
77%
Armin Arlelt
76%
Gaby Braun
75%
Kenny Ackermann
75%
Ymir Fritz
75%
Marco Bott
74%
Sieg Jäger
74%
Falco Gleis
70%
Grisha Jäger
68%
Carla Jäger
62%
Porco Galliard
62%
Eren Kruger
58%
Jelena
58%
Peak Finger
58%
Reiner Braun
53%
Hannes
52%
Nicolo
51%
Frock Forster
50%
Petra Ralle
50%
Onyakopon
48%
Dot Pixis
47%
Rhodes Reiss
46%
Dinah Jäger
44%
Marcel Galliard
43%
Mike Zacharias
40%
Théo Magath
40%
Willy Teyber
39%
Hitch Doris
36%
Keith Shardiz
32%
Lara Teyber
32%
Kord Gleis
30%
Marlowe Freudenberg
30%
Frieda Reiss
25%
Tom Xaver
25%
Kiyomi Azumabito
23%
Kaya
21%
Uli Reiss
21%
Daris Zackley
19%
Faye Jäger
16%
Ramzi
12%
Flegel Reeves
10%
Aucun quiz correspondant
Distribution des résultats
% des personnes avec chaque résultat
Percentile par nombre de réponses
Votre historique - résultats
Vous n’avez pas pris ce quiz